Great composers. (Record no. 54911)

MARC details
000 -LEADER
fixed length control field 00731cam a22002411 4500
001 - CONTROL NUMBER
control field sa 63003140
003 - CONTROL NUMBER IDENTIFIER
control field DLC
005 - DATE AND TIME OF LATEST TRANSACTION
control field 20260227111939.0
008 - FIXED-LENGTH DATA ELEMENTS--GENERAL INFORMATION
fixed length control field 750828s1970 ii acfh 000 0 eng
010 ## - LIBRARY OF CONGRESS CONTROL NUMBER
LC control number sa 63003140
035 ## - SYSTEM CONTROL NUMBER
System control number (OCoLC)1578514
040 ## - CATALOGING SOURCE
Original cataloging agency DLC
Transcribing agency RPB
Modifying agency NSyU
-- DLC
050 00 - LIBRARY OF CONGRESS CALL NUMBER
Classification number ML390
Item number .S1852
100 1# - MAIN ENTRY--PERSONAL NAME
Personal name Sambamoorthy, P.
245 10 - TITLE STATEMENT
Title Great composers.
250 ## - EDITION STATEMENT
Edition statement 2d ed., rev. and enl.
260 ## - PUBLICATION, DISTRIBUTION, ETC.
Place of publication, distribution, etc. Madras,
Name of publisher, distributor, etc. Indian music publishing house
Date of publication, distribution, etc. [1962-1970]
300 ## - PHYSICAL DESCRIPTION
Extent 2 v.
Other physical details illus., facsims., plates, ports.
Dimensions 19 cm.
500 ## - GENERAL NOTE
General note Second volume has sub-title: Tyagaraja.
650 #0 - SUBJECT ADDED ENTRY--TOPICAL TERM
Topical term or geographic name entry element Music
Geographic subdivision India
General subdivision History and criticism.
650 #0 - SUBJECT ADDED ENTRY--TOPICAL TERM
Topical term or geographic name entry element Composers
Geographic subdivision India.
600 00 - SUBJECT ADDED ENTRY--PERSONAL NAME
Personal name Tyāgarāja,
Titles and other words associated with a name Swami,
Dates associated with a name 1767-1847.

No items available.

Powered by Koha